Unique Starting North American Countries Quiz Stats

 Plays Quiz Updated Aug 19, 2017

Support Sporcle.
Go Orange.
Score 0/8 Timer 01:00
6 Plays Today
% Correct
JJamaica
91.6%
PPanama
84.3%
MMexico
82.6%
NNicaragua
81.5%
UUnited States
79.8%
EEl Salvador
71.5%
TTrinidad and Tobago
71.2%
AAntigua and Barbuda
68.9%

From the Vault

Sunni or Shia Facts

by popestcyril

Can you name the form of Islam, Sunni or Shia, from the belief or characteristic?
Remove Ads.
Support Sporcle.
Get the best of Sporcle when you Go Orange. This ad-free experience offers more features, more stats, and more fun while also helping to support Sporcle. Thank you for becoming a member.

Show Comments

Extras

Top Quizzes Today


Score Distribution

Your Account Isn't Verified!

In order to create a playlist on Sporcle, you need to verify the email address you used during registration. Go to your Sporcle Settings to finish the process.

Report this User

Report this user for behavior that violates our Community Guidelines.

Details: